Epistolario y textos biográficos: José Antonio íntimo

Spremljeno u:
Bibliografski detalji
Glavni autori: Del Río Cisneros, Agustín (Autor), Pavón Pereyra, Enrique (Autor)
Format: Knjiga
Jezik:španjolski
Izdano: Madrid Del Movimiento 1968
Izdanje:3a. ed
Teme:
Oznake: Dodaj oznaku
Bez oznaka, Budi prvi tko označuje ovaj zapis!

MARC

LEADER 00000nam a2200000 a 4500
001 UCP8505
003 CL-VaPUC
008 000303e19680000SP |||||||||||||||||spa|d
082 0 4 |a 866  |b DEL  |2 21 
100 0 |a Del Río Cisneros, Agustín  |e author  |9 438506 
700 0 |a Pavón Pereyra, Enrique  |e author  |9 438507 
245 1 0 |a Epistolario y textos biográficos: José Antonio íntimo 
250 |a 3a. ed 
300 |a 759 p 
942 |c BK 
945 |d 20000303 00:00:00  |a rherrera 
260 |a Madrid  |b Del Movimiento  |c 1968 
600 0 7 |a PRIMO DE RIVERA, JOSE ANTONIO  |2 CL-VaPUC  |9 388207 
650 0 |a Cartas  |9 321777 
650 0 |a Epístolas  |9 321181 
650 0 |a Correspondencia  |9 258963 
650 0 |a Textos   |9 388935 
650 0 |a Biografías  |9 255210 
650 7 |a POLITICOS ESPAÑOLES  |2 CL-VaPUC  |9 421097 
651 0 |a España  |9 254926 
583 |a last modification  |c 20000303 00:00:00  |k Rodrigo Vera 
999 |c 285398  |d 285396 
952 |0 0  |1 0  |4 0  |6 866_000000000000000_DEL_1968  |7 0  |8 A  |9 330005  |a BIBHIS  |b BIBHIS  |d 2019-11-20  |i 1375962  |o 866 DEL 1968  |p 1375962  |r 2025-01-20  |w 2019-11-20  |y BK  |k HIS